00395 a2200145 450000100060000002000150000604000220002110000300004324000670007324500620014030000080020236200090021044000130021965000170023260623 a852621750X cAnchieta - Pituba aSantos, Maria Lúcia dos10aA expressão livre no aprendizado da língua portuguesalpor10aA expressão livre no aprendizado da língua portuguesa a2860 a1996 1aScipione 4aEducação